000 00334 a2200157 4500
001 47231
020 _a9788572088732
040 _cAnchieta - Aquarius
100 _aUSBA, Rodrigo
240 1 0 _aDois ou um?
_lpor
245 1 0 _aDois ou um?
300 _a36p.
362 0 _a2014
650 4 _aLiteratura infanto-juvenil
942 _cBK
999 _c47231
_d47231